| 000 | 00399pab a2200157 454500 | ||
|---|---|---|---|
| 008 | 180718b1987 xxu||||| |||| 00| 0 eng d | ||
| 100 | _aPatankar, P.G. | ||
| 245 | _aRoad passenger transport - key to profitability | ||
| 260 | _c1987 | ||
| 300 | _a5-11 | ||
| 362 | _aMay | ||
| 650 | _aMotor Transportation | ||
| 700 | _aM.V. Bagade | ||
| 773 | _aJournal of Transport Management | ||
| 909 | _a13785 | ||
| 999 |
_c13785 _d13785 |
||